000 00707nam a2200217 a 4500
999 _c2499
_d2499
001 2499
003 BD-JhCC
005 20171104084902.0
008 171104s1959 bg |||| ||a| 001 0 ben d
035 _a(BD-JhCC)2499
040 _aBD-JhCC
_dBD-JhCC
041 _aben
082 _a891.4409
_bISL 1959
100 _aইসলাম, এ, কে, এম, আমিনুল
245 _aবাংলা সাহিত্যে মুসলিম কবি ও কাব্য /
_cএ, কে, এম, আমিনুল ইসলাম
260 _aঢাকা :
_bবুক ষ্টল,
_c1959.
300 _a199 p. :
_c22 cm.
650 _aBengali Literature
942 _2ddc
_cBK